000 00257nam a2200121 i 4500
001 bg
245 0 _aThe World of Learning 1990.
260 _aLondon,
_c1990.
040 _cBPK
041 _apol
942 _cKS
008 s pl f |000 0 pol
999 _c29239
_d29239
856 _uhttp://koha.tu.koszalin.pl/cgi-bin/koha/opac-detail.pl?biblionumber=29239
_yKatalog online BPK